header

Patients beyond borders (Record no. 61557)

MARC details
000 -LEADER
fixed length control field 01410nam a2200349 a 4500
100 1# - MAIN ENTRY--AUTHOR NAME
Personal name Woodman, Josef.
245 10 - TITLE STATEMENT
Title Patients beyond borders
260 ## - PUBLICATION, DISTRIBUTION, ETC. (IMPRINT)
Place of publication Chapel Hill, N.C. :
Name of publisher Healthy Travel Media,
Year of publication 2008.
300 ## - PHYSICAL DESCRIPTION
Number of Pages xiv, 277 p. :
Other physical details ill.
490 1# - SERIES STATEMENT
Series statement Patients beyond borders series
650 #0 - SUBJECT ADDED ENTRY--TOPICAL TERM
Topical Term Medical tourism
Topical Term Travel
Topical Term Medical care
856 40 - ELECTRONIC LOCATION AND ACCESS
Uniform Resource Identifier http://site.ebrary.com/lib/rucke/Doc?id=10308913

No items available.

© 2026 Rongo University
Contact us: librarian | system librarian | Rongo university